000 01404nam a2200265Ia 4500
001 19518
003 GE_BSU
008 181216s||||||||xx |||||||||||||| ||und||
020 _aISBN 978-9941-421-40-2
040 _cGE_BSU
080 _a821.353.1-32
100 _aჩილაშვილი, ფარნა-ბექა
245 _aსანამ თოვს : მოთხრობები
245 _cმთარგმნ.: ზურაბ ბატიაშვილი, ელისაბედ ბჟალავა, ლელა დადიანი [და სხვ.].
260 _aთბილისი
260 _bარტანუჯი
260 _c2012
300 _a186გვ;20სმ.
300 _bგარეკ.ავტორის.ფოტ.ეკუთ.გურჯან ოზოთურქს.
541 _h11ლ.90თ.
653 _aმოთხრობები
653 _aმხატვრული ლიტერატურა.
653 _aშინაარსი: ბოლო სურვილი; ასიეს თეთრი ცხენები; ბებიაჩემის მოგზაურობა სტამბოლში; ფოტოსურათების მოთხრობები I და II; გადაღმა მცხოვრები გოგონა;და სხვ.
942 _cBK
999 _c52495
_d52495